[Event "Tournoi échelle"]
[Site "www.echecsemail.com"]
[Date "2026.01.17"]
[Round "1"]
[White "Eldiablo90"]
[Black "Rons"]
[WhiteElo "2790"]
[BlackElo "2580"]
[Result "1-0"]
1.e4 c5
2.d4 cxd4
3.Qd1xd4 Nb8c6
4.Qd4d3 Ng8f6
5.Nb1c3 g6
6.Ng1f3 Bf8g7
7.Bf1e2 d6
8.O-O O-O
9.Nc3d5 Bc8g4
10.c3 Nf6d7
11.Bc1g5 h6
12.Bg5h4 Nd7c5
13.Qd3c2 g5
14.Bh4g3 Bg4h5
15.b4 Nc5d7
16.b5 Bh5xf3
17.gxf3 Nc6a5
18.Nd5e3 Ra8c8
19.Ne3f5 Nd7e5
20.f4 Ne5g6
21.fxg5 hxg5
22.Ra1d1 Bg7xc3
23.Qc2d3 Bc3f6
24.Qd3f3 Na5c4
25.Qf3h5 Qd8b6
26.Kh1 Qb6xb5
27.f4 Bf6g7
28.Qh5xg5 a6
29.Be2h5 e6
30.Nf5h6 Kh7
31.f5 Bg7xh6
32.fxg6 fxg6
33.Qg5xg6 { abandon }1-0

[Event "CC Jan26 Asc(1/2)"]
[Site "www.echecsemail.com"]
[Date "2026.01.17"]
[Round "1"]
[White "Luc20"]
[Black "Verson"]
[WhiteElo "1810"]
[BlackElo "1870"]
[Result "1-0"]
1.d4 d5
2.Ng1f3 Ng8f6
3.g3 e6
4.Bf1g2 Bf8d6
5.O-O O-O
6.Nb1d2 c5
7.c4 Nb8c6
8.e3 Qd8c7
9.Rf1e1 b6
10.b3 Bc8b7
11.Bc1b2 e5
12.dxe5 Nc6xe5
13.Nf3xe5 Bd6xe5
14.Ra1b1 Rf8e8
15.Nd2f3 Ra8d8
16.Nf3xe5 dxc4
17.Qd1c2 Bb7xg2
18.Ne5xf7 Kxf7
19.Kxg2 Qc7c6
20.Kg1 Qc6f3
21.Qc2xc4 Kf8
22.Qc4e2 Qf3c6
23.Rb1d1 Rd8d6
24.Rd1xd6 Qc6xd6
25.Re1d1 Qd6e6
26.Qe2d3 h6
27.Bb2xf6 Qe6xf6
28.Qd3d6 Qf6xd6
29.Rd1xd6 Ke7
30.Rd6d2 Re8d8
31.Rd2xd8 Kxd8
32.f4 Ke7
33.Kf2 Ke6
34.e4 g6
35.g4 b5
36.Ke3 a6
37.h4 a5
38.Kd3 Kd6
39.h5 gxh5
40.gxh5 Ke6
41.a3 Kf6
42.e5 Kf5
43.Kc3 Ke6
44.a4 { abandon }1-0

[Event "Tournoi échelle division 3"]
[Site "www.echecsemail.com"]
[Date "2026.01.17"]
[Round "1"]
[White "Lancien57"]
[Black "Woluwe1975"]
[WhiteElo "1440"]
[BlackElo "1640"]
[Result "0-1"]
1.e4 e5
2.Ng1f3 d6
3.Nb1c3 c6
4.d4 Bf8e7
5.Bf1e2 Ng8f6
6.dxe5 dxe5
7.Bc1d2 Qd8c7
8.O-O h6
9.Be2d3 Bc8e6
10.Nf3h4 g5
11.Nh4f5 Be6xf5
12.exf5 Nb8d7
13.Rf1e1 O-O-O
14.Bd3e4 Nd7c5
15.h3 g4
16.hxg4 Kb8
17.f3 Nc5xe4
18.fxe4 b6
19.a3 Be7c5
20.Kh2 Rh8g8
21.Bd2xh6 Nf6xg4
22.Kh1 Rd8xd1
23.Re1xd1 Ng4f2
24.Kh2 Nf2xd1
25.Ra1xd1 Rg8h8
26.Kg3 Rh8xh6
27.Kf3 f6
28.g3 Bc5d4
29.Nc3e2 Bd4xb2
30.a4 Bb2a3
31.Ne2c3 Ba3b2
32.Nc3e2 Bb2a3
33.Rd1a1 Ba3c5
34.c3 Qc7f7
35.g4 Qf7c4
36.a5 b5
37.a6 Qc4d3
38.Kg2 Qd3xe2
39.Kg3 Qe2f2
0-1

[Event "Transval 2"]
[Site "www.echecsemail.com"]
[Date "2026.01.17"]
[Round "1"]
[White "Abelito"]
[Black "Janolapin"]
[WhiteElo "1580"]
[BlackElo "1690"]
[Result "1-0"]
1.e4 e5
2.Bf1c4 Ng8f6
3.Nb1c3 c6
4.d4 exd4
5.Qd1xd4 Bf8e7
6.e5 c5
7.Qd4f4 O-O
8.exf6 Be7xf6
9.Qf4f3 { abandon }1-0

[Event "Tetraktus 103"]
[Site "www.echecsemail.com"]
[Date "2026.01.17"]
[Round "1"]
[White "Bertelsen"]
[Black "Intrigue"]
[WhiteElo "1730"]
[BlackElo "1760"]
[Result "0-1"]
1.e4 e5
2.Ng1f3 Nb8c6
3.Bf1b5 a6
4.Bb5a4 Ng8f6
5.d3 Bf8e7
6.h3 O-O
7.c3 b5
8.Ba4c2 d6
9.O-O h6
10.Bc1e3 Bc8e6
11.a3 Qd8d7
12.Kh2 Ra8d8
13.Nb1d2 d5
14.d4 dxe4
15.Nd2xe4 exd4
16.Be3xd4 Nf6xe4
17.Qd1d3 Be6f5
18.Qd3e3 Be7d6
19.g3 Rf8e8
20.Qe3c1 Nc6xd4
21.Nf3xd4 Bf5g6
22.Qc1b1 Ne4d2
23.Bc2f5 Bg6xf5
24.Qb1xf5 Nd2xf1
25.Ra1xf1 Qd7xf5
26.Nd4xf5 Re8e2
27.Kg2 Bd6c5
28.b4 Bc5b6
29.Nf5e3 Bb6xe3
30.Kf3 Re2xf2
31.Rf1xf2 Be3xf2
32.Kxf2 Rd8d3
{ abandon }0-1

[Event "Coupe Niveau 1"]
[Site "www.echecsemail.com"]
[Date "2026.01.17"]
[Round "1"]
[White "4x4"]
[Black "Katastrofic"]
[WhiteElo "1490"]
[BlackElo "1390"]
[Result "1-0"]
1.e4 e5
2.d3 d6
3.f3 Bf8e7
4.Bc1e3 Ng8f6
5.Nb1c3 O-O
6.Qd1d2 a6
7.O-O-O b5
8.Ng1e2 Bc8b7
9.g3 h6
10.Bf1g2 d5
11.exd5 Nf6xd5
12.Rh1e1 Be7f6
13.Nc3xd5 Bb7xd5
14.b3 Nb8c6
15.c4 Bd5e6
16.f4 Be6d7
17.cxb5 axb5
18.Ne2c3 Rf8e8
19.Nc3e4 Bd7e6
20.Ne4xf6 Qd8xf6
21.Bg2xc6 exf4
22.Bc6xe8 fxe3
23.Qd2xe3 Ra8xe8
24.Kb1 Be6d7
25.Qe3c5 c6
26.Re1e4 Qf6f2
27.Re4xe8 { abandon }1-0

[Event "Défi( 10J+24H/c 10J Max )"]
[Site "www.echecsemail.com"]
[Date "2026.01.17"]
[Round "1"]
[White "Minon"]
[Black "Artabam"]
[WhiteElo "1930"]
[BlackElo "1000"]
[Result "1-0"]
1.e4 e5
2.Ng1f3 Nb8c6
3.Nb1c3 Ng8f6
4.Bf1c4 Bf8c5
5.Nf3g5 O-O
6.Bc4xf7 Kh8
7.Bf7b3 h6
8.Ng5f7 Rf8xf7
9.Bb3xf7 d6
10.Bf7b3 Kh7
11.Nc3a4 Bc5d4
12.c3 Bd4c5
13.Na4xc5 dxc5
14.d3 Bc8d7
15.Bc1e3 h5
16.Be3xc5 b6
17.Bc5e3 Qd8e7
18.Qd1f3 Nf6g8
19.Qf3xh5 Ng8h6
20.Be3xh6 gxh6
21.Bb3a4 Ra8g8
22.Ba4xc6 Bd7xc6
23.Qh5f5 Kg7
24.g4 Qe7d6
25.O-O-O Qd6c5
26.d4 Qc5c4
27.Qf5xe5 Kf7
28.d5 Bc6d7
29.b3 Qc4xc3
30.Qe5xc3 Bd7xg4
31.Qc3xc7 Kg6
32.Rh1g1 Kh5
33.h3 Rg8f8
34.hxg4 Kg5
35.Qc7e7 Kg6
36.Qe7xf8 Kg5
37.f4 Kh4
38.Qf8xh6 1-0

[Event "Défi( 10J+36H/c 30J Max )"]
[Site "www.echecsemail.com"]
[Date "2026.01.17"]
[Round "1"]
[White "Anumisme"]
[Black "Lilou"]
[WhiteElo "1140"]
[BlackElo "1320"]
[Result "0-1"]
1.d4 d5
2.Nb1c3 c6
3.f3 h6
4.e4 e6
5.e5 g5
6.g4 Nb8d7
7.Bf1d3 a6
8.Ng1h3 b5
9.Bc1d2 b4
10.Nc3a4 Bf8e7
11.c3 a5
12.Qd1e2 h5
13.Nh3f2 h4
14.c4 Rh8h6
15.c5 Ra8b8
16.b3 f6
17.O-O h3
18.Nf2h1 Be7f8
19.Nh1g3 Ng8e7
20.Ng3h5 Ne7g6
21.Qe2f2 fxe5
22.Qf2g3 Ng6f4
23.Bd2xf4 exf4
24.Qg3f2 e5
25.Na4b2 Qd8e7
26.Nb2a4 e4
27.Bd3c2 e3
28.Qf2e2 Bf8g7
29.Bc2f5 Bg7xd4
30.Ra1d1 Rb8a8
31.Rd1xd4 Bc8a6
32.Bf5d3 Nd7e5
33.Na4b6 Ra8a7
34.Bd3xa6 Qe7xc5
35.Nb6c8 Qc5xd4
36.Nc8xa7 Qd4xa7
37.Rf1c1 c5
38.Ba6b5 Kd8
39.Rc1f1 d4
40.Qe2c2 Qa7b6
41.Bb5e2 Rh6d6
42.Qc2h7 d3
43.Be2xd3 Rd6xd3
44.Nh5g7 e2
45.Rf1e1 Ne5xf3
46.Kf2 c4
47.Kxe2 Qb6e3
48.Kf1 Nf3xh2
0-1

[Event "Défi( 10J+24H/c 10J Max )"]
[Site "www.echecsemail.com"]
[Date "2026.01.17"]
[Round "1"]
[White "Tunnellavage"]
[Black "Ephixe"]
[WhiteElo "1750"]
[BlackElo "1800"]
[Result "1-0"]
1.e4 e5
2.Ng1f3 Nb8c6
3.Bf1c4 Ng8f6
4.d3 Bf8c5
5.Nb1c3 d6
6.h3 O-O
7.O-O a6
8.a3 Nc6d4
9.Bc1g5 h6
10.Bg5e3 Nd4xf3
11.Qd1xf3 Bc5xe3
12.Qf3xe3 b5
13.Bc4a2 c5
14.Kh2 g5
15.Nc3e2 Kg7
16.Ne2g3 Kg6
17.Ng3e2 g4
18.Ne2g3 h5
19.f3 Bc8d7
20.fxg4 hxg4
21.Ng3f5 Bd7xf5
22.Rf1xf5 Nf6h5
23.Ra1f1 f6
24.Qe3e2 g3
25.Kh1 Nh5f4
26.Qe2g4 Kh6
27.Qg4h4 Kg6
28.Qh4xg3 Kh6
29.Qg3h4 Kg6
30.g3 Rf8h8
31.Qh4g4 Kh6
32.gxf4 exf4
33.Rf5h5 1-0

[Event "Eq:Royal Kids-Avalon :"]
[Site "www.echecsemail.com"]
[Date "2026.01.17"]
[Round "1"]
[White "Regor"]
[Black "Mick13"]
[WhiteElo "1980"]
[BlackElo "1790"]
[Result "1-0"]
1.d4 e6
2.c4 c5
3.e3 d5
4.cxd5 exd5
5.Ng1f3 c4
6.Nb1c3 Bf8b4
7.Bf1e2 Ng8f6
8.O-O Bb4xc3
9.bxc3 O-O
10.Nf3d2 b5
11.Be2f3 Bc8b7
12.a4 a6
13.Rf1e1 Nf6e4
14.Bf3xe4 dxe4
15.f3 Rf8e8
16.Qd1c2 f5
17.fxe4 fxe4
18.Re1f1 Nb8d7
19.Bc1a3 Nd7f6
20.h3 Qd8d5
21.Rf1f2 Qd5g5
22.Nd2f1 Bb7c6
23.Ba3d6 Nf6d5
24.Bd6f4 Nd5xf4
25.exf4 Qg5h4
26.axb5 axb5
27.Ra1xa8 Bc6xa8
28.Nf1e3 Qh4g3
29.Ne3f5 Qg3d3
30.Rf2d2 Qd3xc2
31.Rd2xc2 Re8f8
32.Nf5d6 Rf8xf4
33.Nd6xb5 e3
34.Nb5d6 Ba8d5
35.Rc2e2 Rf4f6
36.Nd6b5 Rf6g6
37.Nb5a3 Rg6e6
38.Na3c2 Kf7
39.Re2xe3 Re6xe3
40.Nc2xe3 Ke6
41.Kf2 g5
42.g4 h6
43.Kg3 Kd6
44.Ne3f5 Ke6
45.Nf5xh6 Kf6
46.Nh6f5 Bd5e4
47.Nf5e3 Be4d3
48.h4 gxh4
49.Kxh4 { abandon }1-0

[Event "Memorial Lara CIII"]
[Site "www.echecsemail.com"]
[Date "2026.01.17"]
[Round "1"]
[White "Connecticcut"]
[Black "Karkaskat"]
[WhiteElo "1860"]
[BlackElo "2100"]
[Result "0-1"]
1.e4 c5
2.Ng1f3 d6
3.Bf1b5 Bc8d7
4.Bb5xd7 Nb8xd7
5.O-O Ng8f6
6.d3 g6
7.Nb1c3 Bf8g7
8.Nc3d5 Nf6xd5
9.exd5 O-O
10.c4 e6
11.Ra1b1 exd5
12.b3 dxc4
13.dxc4 Nd7e5
14.Bc1b2 Ne5xf3
15.Qd1xf3 Bg7xb2
16.Rb1xb2 Qd8c7
17.Qf3f6 Ra8e8
18.f4 Re8e6
19.Qf6g5 Rf8e8
20.h4 Re6e1
21.h5 Re1xf1
22.Kxf1 Qc7e7
23.Qg5xe7 Re8xe7
24.hxg6 hxg6
25.Kf2 Re7e4
26.Kf3 f5
27.g4 Re4d4
28.gxf5 gxf5
29.Ke3 Kf7
30.a4 b6
31.Rb2h2 Kg7
32.Rh2h5 Kg6
33.Rh5h8 Rd4d1
34.Rh8a8 Rd1b1
35.Ra8xa7 Rb1xb3
36.Kd2 Kh5
37.Ra7a6 Kg4
38.a5 bxa5
39.Ra6xa5 Kxf4
40.Kc2 Rb3b6
41.Ra5b5 Rb6a6
42.Rb5b7 Kf3
43.Kd2 f4
44.Rb7e7 Ra6a2
45.Kd3 Ra2a3
46.Kd2 Ra3e3
47.Re7f7 Re3e4
48.Kd3 Re4d4
49.Kc3 Kf2
{ abandon }0-1

[Event "Défi( 10J+24H/c 10J Max )"]
[Site "www.echecsemail.com"]
[Date "2026.01.17"]
[Round "1"]
[White "Ephixe"]
[Black "Tunnellavage"]
[WhiteElo "1810"]
[BlackElo "1770"]
[Result "1-0"]
1.d4 Ng8f6
2.c4 e6
3.Nb1c3 c6
4.Bc1f4 d5
5.e3 Bf8b4
6.Bf1d3 Nb8d7
7.Ng1e2 O-O
8.O-O a6
9.a3 Bb4e7
10.c5 b6
11.b4 b5
12.a4 Bc8b7
13.a5 h6
14.Ne2g3 Rf8e8
15.Ng3h5 Be7f8
16.Rf1e1 g5
17.Bf4g3 Nf6xh5
18.Qd1xh5 Nd7f6
19.Qh5f3 Bf8g7
20.Bd3c2 g4
21.Qf3e2 h5
22.Bg3h4 Qd8d7
23.f3 e5
24.Qe2d3 e4
25.fxe4 Nf6xe4
26.Nc3xe4 dxe4
27.Qd3e2 Bb7c8
28.g3 Qd7f5
29.Qe2g2 Qf5g6
30.Re1f1 Bc8f5
31.Ra1d1 Bg7h6
32.Qg2f2 Bf5e6
33.Kg2 Be6c4
34.Qf2e1 Bc4xf1
35.Qe1xf1 Bh6g5
36.Bh4xg5 Qg6xg5
37.Bc2b3 Re8e7
38.Qf1f2 Ra8d8
39.Qf2d2 Kg7
40.Rd1f1 f5
41.Rf1f4 Kg6
42.Qd2f2 Re7h7
43.Bb3e6 Rd8f8
44.d5 cxd5
45.Be6xd5 h4
46.gxh4 Rh7xh4
47.Bd5xe4 Qg5h6
48.Kf1 Rh4xh2
49.Rf4xg4 { abandon }1-0

[Event "Transval 2"]
[Site "www.echecsemail.com"]
[Date "2026.01.17"]
[Round "1"]
[White "4x4"]
[Black "Abelito"]
[WhiteElo "1460"]
[BlackElo "1580"]
[Result "0-1"]
1.Nb1c3 e5
2.e4 Ng8f6
3.d3 d6
4.Bc1g5 Nb8c6
5.Ng1f3 Bc8g4
6.Bf1e2 Nc6d4
7.Nf3xd4 Bf8e7
8.f3 Bg4d7
9.Nd4f5 Bd7xf5
10.exf5 a6
11.Qd1d2 b5
12.Bg5xf6 Be7xf6
13.O-O-O c6
14.Kb1 O-O
15.g4 Bf6g5
16.Qd2e1 d5
17.h4 Bg5e7
18.Rd1d2 b4
19.Nc3d1 c5
20.c4 bxc3
21.Nd1xc3 d4
22.Nc3e4 Qd8d5
23.g5 a5
24.f6 Be7d8
25.h5 g6
26.h6 a4
27.Rd2c2 Bd8a5
28.Qe1f2 a3
29.b3 Ra8b8
30.Rc2xc5 Rb8xb3
31.axb3 Qd5xb3
32.Kc1 Qb3b2
33.Kd1 Qb2a1
34.Rc5c1 Qa1b2
35.Rh1f1 a2
36.Rc1c2 a1Q
37.Rc2c1 Qa1xc1
0-1

[Event "Tournoi n27357"]
[Site "www.echecsemail.com"]
[Date "2026.01.17"]
[Round "1"]
[White "Ragg"]
[Black "Mokanne"]
[WhiteElo "1540"]
[BlackElo "1450"]
[Result "0-1"]
1.d4 d5
2.Ng1f3 h6
3.Nb1c3 c6
4.e4 e6
5.e5 Bf8e7
6.Bf1d3 b5
7.a3 Be7g5
8.Bc1xg5 hxg5
9.Qd1d2 f6
10.g4 Ng8h6
11.Bd3g6 Nh6f7
12.h4 Qd8e7
13.h5 Kd7
14.b4 Nf7h6
15.Rh1g1 Kc7
16.Qd2d3 Bc8d7
17.Kd2 Bd7e8
18.Ra1b1 Be8xg6
19.Qd3xg6 Nb8d7
20.a4 Nd7f8
21.Qg6d3 a6
22.a5 f5
23.gxf5 exf5
24.Nf3xg5 Nh6f7
25.Ng5f3 Rh8xh5
26.Rg1h1 Rh5xh1
27.Rb1xh1 Nf7h6
28.Rh1h5 Qe7f7
29.Rh5h2 Nf8e6
30.Nf3h4 Nh6g4
31.Rh2g2 Ne6f4
32.Qd3xf5 Qf7xf5
33.Nh4xf5 Nf4xg2
34.e6 g6
35.Nf5h4 Ng2xh4
36.Ke2 Ra8e8
37.Kd1 Ng4xf2
38.Kc1 Re8xe6
39.Kb2 g5
40.Nc3b1 g4
41.Nb1d2 g3
42.Kb3 g2
43.c4 g1Q
44.cxb5 cxb5
45.Kc2 Re6c6
46.Kb3 Qg1e1
47.Nd2c4 dxc4
48.Kb2 c3
49.Kb3 c2
50.d5 Qe1b1
51.Ka3 Rc6c3
0-1

[Event "Eq:au plaisir du jeux -Fair play :"]
[Site "www.echecsemail.com"]
[Date "2026.01.17"]
[Round "1"]
[White "Pioupiou22"]
[Black "Lancien57"]
[WhiteElo "1740"]
[BlackElo "1500"]
[Result "1/2-1/2"]
1.d4 d5
2.Ng1f3 Nb8c6
3.c4 e6
4.Nb1c3 Bf8e7
5.Bc1f4 Ng8f6
6.e3 Bc8d7
7.Bf1d3 a6
8.O-O dxc4
9.Bd3xc4 h6
10.Nf3e5 O-O
11.Qd1f3 Nc6xe5
12.Bf4xe5 Bd7c6
13.e4 b5
14.Bc4d3 Be7d6
15.Be5xf6 Qd8xf6
16.Qf3xf6 gxf6
17.Ra1e1 Kg7
18.Re1e3 Bd6f4
19.Re3f3 Bf4g5
20.Rf3g3 b4
21.Nc3e2 e5
22.d5 Bc6b5
23.Bd3xb5 axb5
24.Rf1a1 Kh7
25.Rg3b3 Kg6
26.Rb3xb4 Ra8b8
27.Ne2c3 Bg5d2
28.Ra1d1 Bd2xc3
29.bxc3 Rf8d8
30.h3 f5
31.f3 fxe4
32.fxe4 f6
33.Rd1f1 Kg5
34.Rf1f5 Kg6
35.a3 Rb8b6
36.Kf2 Rd8f8
37.Rb4b3 c6
38.dxc6 Rb6xc6
39.Rf5f3 Rc6c5
40.Rf3g3 Kh7
41.Kg1 f5
42.Rg3f3 f4
43.h4 h5
44.Kf2 Kh6
45.g3 Rf8f6
46.Kg2 Rf6b6
47.a4 b4
48.cxb4 Rc5c4
49.a5 Rb6xb4
50.a6 Rb4a4
51.Rb3b6 Kh7
52.gxf4 Rc4xe4
53.Rb6b7 Kg6
54.Rf3g3 Kf5
55.a7 exf4
56.Rg3g8 Re4e2
57.Kf3 Re2e3
58.Kf2 Ra4a2
59.Kf1 Ra2a1
60.Kf2 Ra1a2
61.Kf1 Re3a3
62.Rb7b5 Ke4
63.Rg8e8 Kf3
64.Re8e1 Ra3xa7
65.Rb5xh5 Ra2f2
66.Kg1 Ra7g7
67.Rh5g5 Rg7xg5
68.hxg5 Rf2g2
69.Kh1 Rg2xg5
70.Re1f1 Ke4
71.Rf1e1 Kf5
72.Re1g1 f3
73.Rg1xg5 Kxg5
74.Kg1 Kf4
75.Kf2 Ke4
76.Kf1 Ke3
77.Ke1 f2
78.Kf1 Kf3
1/2-1/2

[Event "Memorial Lara CIII"]
[Site "www.echecsemail.com"]
[Date "2026.01.17"]
[Round "1"]
[White "Connecticcut"]
[Black "Emmanuel"]
[WhiteElo "1860"]
[BlackElo "1940"]
[Result "0-1"]
1.e4 d5
2.exd5 Ng8f6
3.Bf1c4 Bc8g4
4.f3 Bg4f5
5.Nb1c3 c6
6.dxc6 Nb8xc6
7.Ng1e2 Nc6d4
8.d3 e5
9.O-O Bf8c5
10.Ne2xd4 Qd8xd4
11.Kh1 O-O
12.Nc3e2 Qd4h4
13.Ne2g3 Bf5g6
14.Qd1e2 Bc5d6
15.Ng3e4 Bg6xe4
16.fxe4 Nf6h5
17.Rf1f3 Qh4g4
18.Qe2f2 Ra8c8
19.Bc4xf7 Kh8
20.Bf7xh5 Qg4xh5
21.Bc1e3 b6
22.Ra1f1 Qh5e8
23.c4 Kg8
24.Rf3xf8 Bd6xf8
25.h3 Rc8c7
26.Qf2g3 Bf8d6
27.b3 Rc7f7
28.Rf1xf7 Qe8xf7
29.Be3f2 Qf7b7
30.Qg3g5 Qb7c7
31.h4 Bd6e7
32.Qg5f5 Be7f6
33.h5 Qc7e7
34.g4 h6
35.Kg2 Qe7d6
36.Qf5f3 Qd6a3
37.Qf3e2 Kf7
38.Bf2e3 Ke6
39.Kg3 Qa3e7
40.Kh3 Kd6
41.Qe2d2 Kc6
42.a4 a5
43.Qd2f2 Qe7d7
44.Qf2e2 Qd7e7
45.Qe2c2 Qe7b4
46.Be3d2 Qb4c5
47.Bd2e1 Qc5g1
48.Be1g3 Qg1h1
49.Qc2h2 Qh1f1
50.Qh2g2 Qf1xd3
51.Kh2 Qd3xb3
52.Qg2e2 Qb3xa4
53.Kg2 Qa4b3
54.Bg3f2 a4
55.c5 a3
56.cxb6 a2
57.Qe2a6 Kd7
58.b7 Qb3b1
59.Qa6xa2 Qb1xe4
60.Kg1 Qe4xb7
61.Qa2f7 Kc6
62.Qf7xb7 Kxb7
63.Kg2 Kc6
64.Kf3 Kd5
65.Bf2e1 e4
66.Kf4 Kd4
67.Be1f2 Kd3
68.Kf5 Bf6d4
69.Bf2g3 e3
70.g5 hxg5
71.Kxg5 e2
72.Bg3e1 Bd4c3
73.Be1f2 Kd2
74.h6 gxh6
75.Kxh6 Kd1
76.Kg5 Bc3e1
77.Bf2e3 Be1g3
{ abandon }0-1

[Event "Coupe Niveau 3"]
[Site "www.echecsemail.com"]
[Date "2026.01.17"]
[Round "1"]
[White "Verson"]
[Black "Elghribi"]
[WhiteElo "1850"]
[BlackElo "1900"]
[Result "0-1"]
1.d4 Ng8f6
2.Ng1f3 g6
3.Bc1f4 Bf8g7
4.e3 O-O
5.Bf1d3 d6
6.Nb1d2 Nb8c6
7.c3 e5
8.Bf4g5 Nc6e7
9.O-O Nf6d7
10.e4 f5
11.exf5 gxf5
12.dxe5 dxe5
13.Rf1e1 h6
14.Bg5h4 e4
15.Bd3c4 Kh7
16.Nf3d4 Nd7f6
17.Nd2b3 Ne7g6
18.Bh4xf6 Qd8xf6
19.Nd4e2 c6
20.Qd1c2 b5
21.Bc4xb5 cxb5
22.Ra1d1 Bc8e6
23.Nb3d4 a6
24.Nd4xe6 Qf6xe6
25.b3 Ra8d8
26.Rd1xd8 Rf8xd8
27.Re1d1 Rd8d6
28.Rd1xd6 Qe6xd6
29.Kf1 Qd6d3
30.Qc2xd3 exd3
31.Ne2d4 Bg7xd4
32.cxd4 Ng6f4
33.Ke1 Kg6
34.g3 Nf4e2
35.Kd2 Ne2xd4
36.Kxd3 Nd4c6
37.a3 Kf6
38.f3 Ke5
{ abandon }0-1

[Event "Coupe Niveau 5"]
[Site "www.echecsemail.com"]
[Date "2026.01.17"]
[Round "1"]
[White "Jmarcboury"]
[Black "Abc47"]
[WhiteElo "2210"]
[BlackElo "2180"]
[Result "1-0"]
1.d4 d5
2.c4 e6
3.Nb1c3 Ng8f6
4.cxd5 exd5
5.Bc1g5 Bf8e7
6.h3 O-O
7.e3 h6
8.Bg5f4 Bc8f5
9.Ng1f3 c6
10.g4 Bf5e4
11.Nc3xe4 Nf6xe4
12.Bf1d3 Qd8a5
13.Kf1 f5
14.gxf5 Rf8xf5
15.Nf3e5 g5
16.Qd1h5 Rf5f6
17.Qh5e8 Be7f8
18.Ne5g4 Rf6xf4
19.exf4 Qa5d2
20.Ng4xh6 Kh7
21.Bd3xe4 dxe4
22.Qe8f7 Kxh6
23.f5 { abandon }1-0

[Event "CC Jan26 Asc(1/2)"]
[Site "www.echecsemail.com"]
[Date "2026.01.17"]
[Round "1"]
[White "Verson"]
[Black "Woluwe1975"]
[WhiteElo "1870"]
[BlackElo "1640"]
[Result "1/2-1/2"]
1.d4 Ng8f6
2.Ng1f3 d5
3.e3 e6
4.Bf1d3 Bf8d6
5.Nb1d2 b6
6.O-O Bc8b7
7.Qd1e2 Nb8d7
8.e4 dxe4
9.Nd2xe4 Bd6e7
10.Bc1f4 Nf6d5
11.Bf4d2 h6
12.c4 Nd5b4
13.Bd3b1 Nb4c6
14.Bd2c3 Nd7f6
15.Bb1c2 Nc6b4
16.Rf1e1 Nb4xc2
17.Qe2xc2 Bb7xe4
18.Re1xe4 Nf6xe4
19.Qc2xe4 O-O
20.Ra1d1 Be7f6
21.Rd1e1 Rf8e8
22.Nf3e5 Qd8d6
23.Ne5g4 Bf6e7
24.Ng4e5 c5
25.Re1d1 Qd6c7
26.d5 Be7d6
27.h3 f5
28.Qe4e3 a6
29.Rd1e1 exd5
30.cxd5 Bd6xe5
31.Bc3xe5 Qc7f7
32.Qe3b3 b5
33.Qb3c3 c4
34.f4 Ra8a7
35.d6 Qf7d7
36.Qc3d2 Kh7
37.Qd2d5 Re8e6
38.Qd5c5 g6
39.Kf2 Ra7a8
40.Qc5c7 Ra8a7
41.Qc7c5 Ra7a8
42.Re1d1 Ra8c8
43.Qc5d4 h5
44.Qd4b6 Rc8c6
45.Qb6e3 Rc6c8
46.Qe3b6 Rc8c6
47.Qb6d4 Rc6c8
48.Qd4b6 Rc8c6
1/2-1/2

[Event "Tournoi échelle champions"]
[Site "www.echecsemail.com"]
[Date "2026.01.17"]
[Round "1"]
[White "Verson"]
[Black "Elghribi"]
[WhiteElo "1860"]
[BlackElo "1900"]
[Result "0-1"]
1.d4 Ng8f6
2.Ng1f3 g6
3.Bc1f4 Bf8g7
4.e3 O-O
5.Bf1d3 d6
6.Nb1d2 Nb8c6
7.c3 e5
8.Bf4g5 h6
9.Bg5h4 Nc6e7
10.O-O Nf6d7
11.e4 f5
12.dxe5 dxe5
13.Qd1c2 g5
14.Nf3xg5 hxg5
15.Bh4xg5 f4
16.Nd2f3 Qd8e8
17.Bd3c4 Kh7
18.Ra1d1 Ne7g6
19.Rd1d5 Ng6e7
20.Rd5d3 Nd7c5
21.Rd3d2 Nc5e6
22.Bg5xe7 Qe8xe7
23.Rf1d1 Rf8d8
24.Rd2xd8 Ne6xd8
25.h3 Nd8f7
26.Qc2b3 Nf7d6
27.Bc4d3 Bc8e6
28.Qb3a3 a6
29.Kh2 Bg7f6
30.Bd3c2 Be6f7
31.Qa3b4 b6
32.Bc2b3 a5
33.Qb4a3 Ra8e8
34.Bb3xf7 Qe7xf7
35.Qa3b3 Qf7xb3
36.axb3 Kg7
37.Nf3d2 Re8d8
38.Nd2c4 Nd6xe4
39.Rd1xd8 Bf6xd8
40.Nc4xe5 Ne4xf2
41.Kg1 Nf2d1
{ abandon }0-1

[Event "Eq:Les Gens du Sud-Avalon :"]
[Site "www.echecsemail.com"]
[Date "2026.01.17"]
[Round "1"]
[White "Biquet"]
[Black "Sorim"]
[WhiteElo "1870"]
[BlackElo "2040"]
[Result "0-1"]
1.e4 Ng8f6
2.e5 Nf6d5
3.d4 d6
4.c4 Nd5b6
5.Nb1c3 dxe5
6.dxe5 Qd8xd1
7.Nc3xd1 Nb8c6
8.c5 Nb6d5
9.h3 Nc6xe5
10.Nd1e3 e6
11.Ne3xd5 exd5
12.Bc1f4 f6
13.Bf4e3 Bc8f5
14.f4 Ne5d3
15.Bf1xd3 Bf5xd3
16.O-O-O Bd3e4
17.Ng1f3 O-O-O
18.Rd1d2 c6
19.Rh1g1 Bf8e7
20.Nf3h2 f5
21.b4 Be7f6
22.Be3d4 Bf6xd4
23.Rd2xd4 Rh8e8
24.g3 Re8e6
25.g4 fxg4
26.hxg4 Re6h6
27.Rd4xe4 dxe4
28.Nh2f1 Rd8d3
29.Kc2 Rh6h3
30.f5 Rh3f3
31.Nf1d2 Rf3f2
32.Rg1d1 Kd7
33.Kc1 Rf2f4
34.Kc2 Rf4xg4
35.Rd1e1 Rg4g2
36.Re1xe4 Rd3xd2
37.Kc3 Rd2xa2
38.Re4d4 Ke7
39.Rd4e4 Kf7
40.Kc4 Kf6
41.Re4f4 Ke5
42.Rf4h4 Ra2a3
43.b5 Rg2g3
44.Kb4 Rg3b3
45.Kc4 cxb5
0-1

[Event "La Diagonale du fou 9"]
[Site "www.echecsemail.com"]
[Date "2026.01.17"]
[Round "1"]
[White "Woluwe1975"]
[Black "Gimick"]
[WhiteElo "1640"]
[BlackElo "1540"]
[Result "1-0"]
1.Ng1f3 d5
2.d4 Nb8c6
3.Nb1c3 Bc8g4
4.e3 Ng8f6
5.Bf1e2 e6
6.h3 Bg4h5
7.a3 a6
8.b4 Bf8d6
9.O-O e5
10.dxe5 Bd6xe5
11.Nf3xe5 Nc6xe5
12.Be2xh5 Nf6xh5
13.Qd1xh5 Qd8d6
14.Rf1d1 c6
15.Nc3e4 Qd6e7
16.Bc1b2 g6
17.Ne4f6 Qe7xf6
18.Bb2xe5 gxh5
19.Be5xf6 Rh8g8
20.Rd1d4 Kd7
21.Bf6h4 b5
22.e4 Ke6
23.exd5 cxd5
24.Ra1e1 Kd6
25.Bh4g3 Kc6
26.Re1e5 { abandon }1-0

[Event "1001"]
[Site "www.echecsemail.com"]
[Date "2026.01.17"]
[Round "1"]
[White "Mindthegap"]
[Black "Turbo"]
[WhiteElo "1430"]
[BlackElo "1290"]
[Result "1-0"]
1.Ng1f3 d5
2.d4 h6
3.Nb1c3 a6
4.Bc1d2 b5
5.Qd1c1 g6
6.h3 Ng8f6
7.a4 b4
8.Nc3a2 a5
9.Nf3e5 Bc8b7
10.Ne5g4 Qd8d6
11.g3 Nf6xg4
12.hxg4 Bb7c8
13.Bd2xh6 g5
14.Qc1xg5 Rh8g8
15.Qg5f4 Qd6g6
16.O-O-O Bc8xg4
17.Bh6xf8 Rg8xf8
18.Rd1d2 Ra8a7
19.e3 c5
20.Bf1d3 Qg6g7
21.Qf4xb8 Kd7
22.Qb8xa7 Ke6
23.Qa7b6 Kd7
24.Bd3b5 Kc8
25.Bb5a6 Kd7
26.Qb6b5 Ke6
27.Qb5c6 Kf5
28.Ba6d3 Kg5
29.f4 1-0

[Event "Coupe Niveau 1"]
[Site "www.echecsemail.com"]
[Date "2026.01.17"]
[Round "1"]
[White "Katastrofic"]
[Black "Jlr"]
[WhiteElo "1390"]
[BlackElo "1370"]
[Result "1-0"]
1.e4 e5
2.Bf1c4 Qd8f6
3.h3 Bf8c5
4.Qd1f3 Qf6xf3
5.Ng1xf3 d6
6.O-O h6
7.a3 Ng8f6
8.d3 g5
9.b4 Bc5b6
10.Bc1e3 c5
11.b5 g4
12.hxg4 Bc8xg4
13.Nf3h4 Nb8d7
14.f3 Bg4h5
15.Nh4f5 O-O-O
16.Nf5xd6 Kc7
17.Nd6xf7 Rh8h7
18.Nf7xd8 Kxd8
19.Nb1c3 Kc7
20.Nc3d5 Kd6
21.Nd5xb6 axb6
22.a4 Bh5g6
23.f4 Nf6g4
24.fxe5 Nd7xe5
25.Be3f4 Rh7e7
26.Bf4xe5 Re7xe5
27.Rf1f4 Ng4e3
28.Rf4f6 Kc7
29.Rf6xg6 Ne3xc2
30.Ra1f1 h5
31.Rf1f7 Kb8
32.Rg6xb6 Nc2d4
33.Rb6xb7 Kc8
34.Rf7h7 Nd4e2
35.Kh2 Ne2f4
36.Rb7f7 Nf4e6
37.Bc4xe6 Re5xe6
38.Rh7h8 { abandon }1-0

[Event "Défi"]
[Site "www.echecsemail.com"]
[Date "2026.01.17"]
[Round "1"]
[White "Khamis"]
[Black "Jenperlatete"]
[WhiteElo "1840"]
[BlackElo "1910"]
[Result "1-0"]
1.d4 e5
2.e4 d5
3.dxe5 d4
4.c3 Nb8c6
5.Bf1b5 Bc8d7
6.cxd4 Bf8b4
7.Nb1c3 Ng8e7
8.Bb5e2 Ne7g6
9.Ng1f3 Qd8e7
10.O-O O-O-O
11.Nc3d5 Qe7e8
12.Nd5xb4 Nc6xb4
13.a3 Nb4c6
14.b4 Nc6e7
15.Bc1g5 h6
16.Bg5e3 Bd7a4
17.Qd1c1 Qe8d7
18.Qc1c5 b6
19.Qc5c4 Ba4c6
20.d5 Bc6b7
21.Rf1d1 Kb8
22.Ra1c1 Rd8c8
23.Qc4b5 Qd7xb5
24.Be2xb5 c6
25.dxc6 Ne7xc6
26.Nf3d4 Ng6xe5
27.f3 Nc6xd4
28.Rc1xc8 Rh8xc8
29.Be3xd4 f6
30.Kf1 Rc8d8
31.Ke2 g5
32.Ke3 Rd8c8
33.h3 h5
34.Bd4xe5 fxe5
35.Bb5d7 Rc8c3
36.Rd1d3 Rc3c1
37.Bd7e6 Rc1g1
38.Kf2 Rg1c1
39.Rd3d8 Bb7c8
40.Be6xc8 Rc1xc8
41.Rd8xc8 Kxc8
42.Kg3 Kd7
43.h4 Ke7
44.hxg5 Kf7
45.b5 Kg6
46.Kh4 Kg7
47.Kxh5 { abandon }1-0

[Event "Défi( 10J+24H/c 10J Max )"]
[Site "www.echecsemail.com"]
[Date "2026.01.17"]
[Round "1"]
[White "Titit1"]
[Black "Marathonman"]
[WhiteElo "1380"]
[BlackElo "2040"]
[Result "0-1"]
1.d4 d5
2.c4 Ng8f6
3.e3 Nb8c6
4.Nb1c3 a6
5.Ng1f3 Bc8g4
6.h3 Bg4h5
7.Bf1e2 e6
8.c5 h6
9.O-O Bh5g6
10.Nf3e5 Nc6xe5
11.dxe5 Nf6d7
12.Nc3a4 Nd7xe5
13.Qd1b3 Ra8b8
14.Rf1d1 Bf8e7
15.f4 Ne5c6
16.Be2f3 O-O
17.Qb3c3 Be7h4
18.b3 Bh4f6
19.Qc3d2 Bf6xa1
20.Bc1b2 Ba1xb2
21.Qd2xb2 b5
22.Na4c3 Qd8f6
23.g3 b4
24.Qb2e2 Qf6xc3
25.Kg2 Qc3c2
26.Qe2xc2 Bg6xc2
27.Rd1c1 Bc2d3
28.Rc1d1 Bd3g6
29.h4 h5
30.g4 hxg4
31.Bf3xg4 f5
32.Bg4f3 Kf7
33.h5 Bg6h7
34.Kg3 Kf6
35.Kh4 Rf8h8
36.e4 fxe4
37.Bf3h1 Rb8b5
38.Rd1c1 Bh7g6
39.Rc1g1 Rh8xh5
40.Kg3 Rb5xc5
41.Bh1g2 Nc6d4
42.Rg1d1 Rc5c3
43.Kf2 e3
44.Kg3 e2
45.Kf2 exd1R
46.Bg2f1 Rh5h2
47.Kg1 Nd4f3
0-1